<?xml version="1.0" encoding="UTF-8"?><?xml-stylesheet type="text/xsl" href="static/style.xsl"?><OAI-PMH xmlns="http://www.openarchives.org/OAI/2.0/" xmlns:xsi="http://www.w3.org/2001/XMLSchema-instance" xsi:schemaLocation="http://www.openarchives.org/OAI/2.0/ http://www.openarchives.org/OAI/2.0/OAI-PMH.xsd"><responseDate>2026-04-28T20:23:38Z</responseDate><request verb="GetRecord" identifier="oai:riubu.ubu.es:10259/11132" metadataPrefix="marc">https://riubu.ubu.es/oai/request</request><GetRecord><record><header><identifier>oai:riubu.ubu.es:10259/11132</identifier><datestamp>2025-12-13T01:05:35Z</datestamp><setSpec>com_10259_4415</setSpec><setSpec>com_10259_3989</setSpec><setSpec>com_10259.4_106</setSpec><setSpec>com_10259_2604</setSpec><setSpec>col_10259_4416</setSpec></header><metadata><record xmlns="http://www.loc.gov/MARC21/slim" xmlns:doc="http://www.lyncode.com/xoai" xmlns:xsi="http://www.w3.org/2001/XMLSchema-instance" xmlns:dcterms="http://purl.org/dc/terms/" xsi:schemaLocation="http://www.loc.gov/MARC21/slim http://www.loc.gov/standards/marcxml/schema/MARC21slim.xsd">
<leader>00925njm 22002777a 4500</leader>
<datafield tag="042" ind1=" " ind2=" ">
<subfield code="a">dc</subfield>
</datafield>
<datafield tag="720" ind1=" " ind2=" ">
<subfield code="a">Merino Orozco, Abel</subfield>
<subfield code="e">author</subfield>
</datafield>
<datafield tag="720" ind1=" " ind2=" ">
<subfield code="a">Calvo Ruiz, Miriam</subfield>
<subfield code="e">author</subfield>
</datafield>
<datafield tag="720" ind1=" " ind2=" ">
<subfield code="a">Di Giusto Valle, Cristina</subfield>
<subfield code="e">author</subfield>
</datafield>
<datafield tag="720" ind1=" " ind2=" ">
<subfield code="a">Pérez de Albéniz Garrote, Gloria</subfield>
<subfield code="e">author</subfield>
</datafield>
<datafield tag="720" ind1=" " ind2=" ">
<subfield code="a">Medina Gómez, Mª Begoña</subfield>
<subfield code="e">author</subfield>
</datafield>
<datafield tag="720" ind1=" " ind2=" ">
<subfield code="a">Gutiérrez García, Aida</subfield>
<subfield code="e">author</subfield>
</datafield>
<datafield tag="720" ind1=" " ind2=" ">
<subfield code="a">Sáez Velasco, Sara</subfield>
<subfield code="e">author</subfield>
</datafield>
<datafield tag="720" ind1=" " ind2=" ">
<subfield code="a">Guijo Blanco, Valeriana</subfield>
<subfield code="e">author</subfield>
</datafield>
<datafield tag="260" ind1=" " ind2=" ">
<subfield code="c">2023-05</subfield>
</datafield>
<datafield tag="520" ind1=" " ind2=" ">
<subfield code="a">Migrant women who experience gender-based violence face a framework of social vulnerability that is compounded by their status as both women and migrants, requiring specific attention&#xd;
in social support. The aim of this study is to understand the situation of women in the social and&#xd;
health access realm, drawing from scientific literature as well as the voices of migrant women and&#xd;
professionals who support them, in order to establish priority guidelines for social support. The&#xd;
study begins with a bibliographic analysis of scientific literature on migrant women who have&#xd;
experienced gender-based violence, which informs six interviews with migrant women and five&#xd;
professionals, delving into their social needs and support requirements. The most prominent results&#xd;
point to the need for sustained and interdisciplinary support throughout the process of accessing&#xd;
healthcare and legal services. In addition, there is a call for social awareness in understanding the&#xd;
specific and personal needs of migrant women. Finally, educational support is required to dismantle&#xd;
patriarchal beliefs that legitimize gender discrimination and violence, avoiding re-victimization and&#xd;
acknowledging the multi-dimensional nature of women’s experiences.</subfield>
</datafield>
<datafield tag="024" ind2=" " ind1="8">
<subfield code="a">2076-0760</subfield>
</datafield>
<datafield tag="024" ind2=" " ind1="8">
<subfield code="a">https://hdl.handle.net/10259/11132</subfield>
</datafield>
<datafield tag="024" ind2=" " ind1="8">
<subfield code="a">10.3390/socsci12060325</subfield>
</datafield>
<datafield tag="024" ind2=" " ind1="8">
<subfield code="a">2076-0760</subfield>
</datafield>
<datafield ind1=" " ind2=" " tag="653">
<subfield code="a">Gender discrimination</subfield>
</datafield>
<datafield ind1=" " ind2=" " tag="653">
<subfield code="a">Migration</subfield>
</datafield>
<datafield ind1=" " ind2=" " tag="653">
<subfield code="a">Gender violence</subfield>
</datafield>
<datafield ind1=" " ind2=" " tag="653">
<subfield code="a">Accompaniment</subfield>
</datafield>
<datafield tag="245" ind1="0" ind2="0">
<subfield code="a">Accompaniment in the Gender and Social Discrimination of Migrant Women Victims of Gender-Based Violence: From Bibliography to Situated Key in Burgos, Spain</subfield>
</datafield>
</record></metadata></record></GetRecord></OAI-PMH>